BlackPink Alphabet Song - Statistics

General Stats
  • This quiz has been taken 273 times
  • The average score is 13 of 15
Answer Stats
Hint Answer % Correct
K Kill this love / Kick it
95%
B Bet you wanna / Boombayah
94%
P Pretty Savage / Pink Venom / Playing with fire
94%
S Shut Down / Stay / See u later / Sour candy
94%
D DDU-DU DDU-DU / Don’t know what to do
91%
A As if it’s your last
90%
H How you like that / Hard to love / Hope not
90%
L Lovesick girls / Love to hate me
90%
T Typa girl / The happiest girl / Tally / The Girls
89%
I Ice cream
87%
F Forever young
79%
W Whistle
79%
C Crazy over you
77%
R Ready for love / Really
77%
Y You never know / Yeah yeah yeah
72%
No matching quizzes found
Score Distribution
Percent of People with Each Score
Percentile by Number Answered
Your Score History
You have not taken this quiz